000
00266nam a2200109 4500
082
_a
954.7039KHA
100
_a
Khalid, Shamsul Hassan
245
_a
Sindh's Fight for Pakistan
260
_a
Karachi:
_b
Shamsul Hassan Foundation,
_c
1992.
300
_a
260p. ;
942
_c
BK
999
_c
8749
_d
8749